<?xml version="1.0" encoding="UTF-8"?>
<collection xmlns="http://www.loc.gov/MARC21/slim">
<record>
  <controlfield tag="001">105487</controlfield>
  <controlfield tag="005">20210615090429.0</controlfield>
  <datafield tag="037" ind1=" " ind2=" ">
    <subfield code="a">GDOC-2020-63021</subfield>
  </datafield>
  <datafield tag="970" ind1=" " ind2=" ">
    <subfield code="a">GDOC-2020-63021</subfield>
  </datafield>
  <datafield tag="041" ind1=" " ind2=" ">
    <subfield code="a">spa</subfield>
  </datafield>
  <datafield tag="041" ind1=" " ind2=" ">
    <subfield code="a">eng</subfield>
  </datafield>
  <datafield tag="540" ind1=" " ind2=" ">
    <subfield code="a">by-nc-sa</subfield>
    <subfield code="b">Creative Commons</subfield>
    <subfield code="c">3.0</subfield>
    <subfield code="u">http://creativecommons.org/licenses/by-nc-sa/3.0/</subfield>
  </datafield>
  <datafield tag="260" ind1=" " ind2=" ">
    <subfield code="a">Zaragoza</subfield>
    <subfield code="b">Universidad de Zaragoza</subfield>
    <subfield code="c">2020-2021</subfield>
  </datafield>
  <datafield tag="245" ind1="0" ind2="0">
    <subfield code="9">63021</subfield>
    <subfield code="a">Nuevas tecnologías de procesado de los alimentos</subfield>
  </datafield>
  <datafield tag="242" ind1="0" ind2="0">
    <subfield code="9">63021</subfield>
    <subfield code="a">New technologies of food processing</subfield>
  </datafield>
  <datafield tag="100" ind1=" " ind2=" ">
    <subfield code="0">(orcid)0000-0003-2430-858X</subfield>
    <subfield code="a">Ignacio Álvarez, Lanzarote</subfield>
    <subfield code="1">324301</subfield>
  </datafield>
  <datafield tag="700" ind1=" " ind2=" ">
    <subfield code="0">(orcid)0000-0002-5049-3646</subfield>
    <subfield code="a">Guillermo Cebrián, Auré</subfield>
    <subfield code="1">457482</subfield>
  </datafield>
  <datafield tag="700" ind1=" " ind2=" ">
    <subfield code="0">(orcid)0000-0002-7629-8101</subfield>
    <subfield code="a">Diego García, Gonzalo</subfield>
    <subfield code="1">437449</subfield>
  </datafield>
  <datafield tag="700" ind1=" " ind2=" ">
    <subfield code="0">(orcid)0000-0002-5895-2157</subfield>
    <subfield code="a">Elisa Gayán, Ordás</subfield>
    <subfield code="1">527165</subfield>
  </datafield>
  <datafield tag="700" ind1=" " ind2=" ">
    <subfield code="0">(orcid)0000-0003-3957-9091</subfield>
    <subfield code="a">Javier Raso, Pueyo</subfield>
    <subfield code="1">128933</subfield>
  </datafield>
  <datafield tag="830" ind1=" " ind2=" ">
    <subfield code="9">566</subfield>
  </datafield>
  <datafield tag="856" ind1="4" ind2=" ">
    <subfield code="s">10063</subfield>
    <subfield code="u">http://zaguan.unizar.es/record/105487/files/guia-63021-en.pdf</subfield>
    <subfield code="y">Guide (english)</subfield>
  </datafield>
  <datafield tag="856" ind1="4" ind2=" ">
    <subfield code="s">15362</subfield>
    <subfield code="u">http://zaguan.unizar.es/record/105487/files/guia-63021-es.pdf</subfield>
    <subfield code="y">Guía (idioma español)</subfield>
  </datafield>
  <datafield tag="521" ind1=" " ind2=" ">
    <subfield code="9">702</subfield>
    <subfield code="a">Máster Universitario en Calidad, Seguridad y Tecnología de los Alimentos</subfield>
    <subfield code="b">Master's in Food Quality, Safety and Technology</subfield>
  </datafield>
  <datafield tag="980" ind1=" " ind2=" ">
    <subfield code="a">GDOC</subfield>
    <subfield code="b">Sciences</subfield>
    <subfield code="b">Ciencias</subfield>
    <subfield code="c">105</subfield>
  </datafield>
</record>
</collection>